000 00705nam a22002177a 4500
003 OSt
005 20251119172008.0
008 251119b |||||||| |||| 00| 0 eng d
020 _a978-007-125977-4.
040 _aDWCL-Main lib.
_cOC
082 _2-- 13th ed.
_aCirc. 337 P978i 2007
100 _aPugel, Thomas A.
245 _aInternational economics
_cThomas A. Pugel
250 _a-- 13th ed.
260 _aBoston :
_bMcGraw-Hill,
_cc2007.
300 _axxii, 730 pages :
_billustration ;
_c23 cm.
504 _aIncludes bibliographical references and index.
650 _21. International economic relations.
650 _22. International trade.
942 _2ddc
_cBK-CIRC
_e-- 13th ed.
_kCirc.
_n0
999 _c5833
_d5833